LEADER 00917nam0-22002891i-450 001 990004830840403321 005 20210608095047.0 035 $a000483084 035 $aFED01000483084 035 $a(Aleph)000483084FED01 100 $a19990604g19729999km-y0itay50------ba 101 0 $afre 105 $af-------00--- 200 1 $aCorrespondance$fJacques Copeau, Roger Martin du Gard$gintroduction par Jean Delay$gtexte établi et annoté par Claude Sicard 210 $aParis$cGallimard$dc1972 215 $a2 v., tav.$d23 cm 327 1 $a1.: (1913-1928)$a2.: (1929-1949) 700 1$aCopeau,$bJacques$f<1879-1949>$0170983 702 1$aMartin du Gard,$bRoger$f<1881-1958> 801 0$aIT$bUNINA$gRICA$2UNIMARC 901 $aBK 912 $a990004830840403321 952 $aSX CO 16(1)$b19648$fFLFBC 952 $aSX CO 16(2)$b18648$fFLFBC 959 $aFLFBC 996 $aCorrespondance$9517690 997 $aUNINA LEADER 01051nam2 2200289 i 450 001 IEI0072474 005 20251003044157.0 010 $a8814043450 100 $a19930505d1959 ||||0itac50 ba 101 | $aita 102 $ait 181 1$6z01$ai $bxxxe 182 1$6z01$an 183 1$6z01$anc$2RDAcarrier 200 0 $a1$fGiuseppe Capograssi 210 $aMilano$cGiuffre$d1959 215 $aXVI, 579 p.$d23 cm. 461 1$1001IEI0072473$12001 $aOpere$fGiuseppe Capograssi$v1 606 $aSaggio$2FIR$3SBSC002294$9I 676 $a854$9Saggi italiani$v14 801 3$aIT$bIT-000000$c19930505 850 $aIT-BN0095 $aIT-SA0252 $aIT-NA0043 $aIT-NA0120 $aIT-NA0298 912 $aIEI0072474 950 2$aBiblioteca Centralizzata di Ateneo$cv. 1-7$d 01POZZO LIB.ECON MON 7898$e 0101 0000085995E VMA (0001 v. 1 (Precedente collocazione: GUERRAZZI B 56 (1)$fB $h20070716$i20070716 977 $a 01$a 83$a AN$a CR$a GC 996 $a1$961339 997 $aUNISANNIO